Statistics for NBA Difficult General Knowledge

Click here to take the quiz!

General Stats

  • This quiz has been taken 38 times
  • The average score is 4 of 10

Answer Stats

HintAnswer% Correct
What is the lowest number of points Lebron James has scored in a game?three
91%
What team did Oscar Robertson win his sole championship on?Milwaukee Bucks
78%
Which teams did Scottie Pippen play for after the Chicago BullsPortland Trailblazers and Houston Rockets
75%
Which team has the longest playoff drought in the NBA? (not the kings)Charlotte Hornets
66%
Which NBA Championship team had no team members named to the NBA 75th Anniversary Team?2004 Detriot Pistons
50%
Which player was named to the All NBA First-Team for the first eight years of his career?Tim Duncan
34%
Who was the player drafted at number 2, ahead of Michael Jordan?Sam Bowie
31%
Who hold the record for the most turnovers in a single NBA game?Jason Kidd
13%
Who was Lebron James' first All-Star teammate?Zydrunas Ilgauskaus
6%
Name one of the two players who led the league in scoring multiple times before 1987?George Gervin or Wilt Chamberlin
3%

Score Distribution

Percentile by Number Answered

Percent of People with Each Score

Your Score History

You have not taken this quiz